Julius Caesar- William Shakespeare: Random Facts Quiz Stats

 Plays Quiz not verified by Sporcle

Challenge
Share
Tweet
Embed
Score 0/15 Timer 03:00
0 Plays Today
Fact Answer % Correct
Portia is the wife of _____.Marcus Brutus
85%
Antony says that all of the conspirators except _____ acted out of envy of Caesar.Marcus Brutus
85%
Caesar refuses the crown____ times.Three
80%
The wife who commits suicide with burning coals is _____.Portia
75%
The famous London theater in which many of Shakespeare's play were performed was ______.The Globe
70%
Calphurnia is the wife of ______.Julius Caesar
70%
A character speaking alone on stage is known as ______.Soliloquy
65%
In the beginning the action is driven by Cassius, but shifts after Act I to follow_____, who is the protagonist.Marcus Brutus
65%
Fact Answer % Correct
______ says it is better to kill oneself than to be take captive.Marcus Brutus
60%
The omen on the ides of March and __________ 's dream foreshadow Caesar's death.Calphurnia
55%
The opening scene takes place upon the feast of the ________.Lupercal
55%
A Soothsayer says to Julius Caesar as a warning '____________'Beware the Ides of March
50%
____________ appears to Brutus during the night in Act IV.Ghost of Julius Caesar
50%
The character of Brutus is __________.Honorable
35%
_____ is the most important thing to have in Ancient Rome. Honor
30%

You're not logged in!

Compare scores with friends on all Sporcle quizzes.
OR
Log In

You Might Also Like...

Show Comments

Extras

Top Quizzes Today


Score Distribution

Your Account Isn't Verified!

In order to create a playlist on Sporcle, you need to verify the email address you used during registration. Go to your Sporcle Settings to finish the process.

Report this User

Report this user for behavior that violates our Community Guidelines.

Details: